[Event "Delkanda Inter Club-chT"]
[Site "Delkanda"]
[Date "2021.02.28"]
[Round "6.2"]
[White "Sivathanujan, S."]
[Black "Karunaratne, DCJ"]
[Result "0-1"]
[WhiteElo "1754"]
[BlackElo "1992"]
[PlyCount "141"]
[EventDate "2021.02.26"]
[EventType "team-tourn"]
[EventRounds "9"]
[EventCountry "SRI"]
[SourceTitle "EXT 2022"]
[Source "ChessBase"]
[SourceDate "2021.10.06"]
[SourceVersion "1"]
[SourceVersionDate "2021.10.06"]
[SourceQuality "1"]
[WhiteTeam "Grand Prix CC"]
[BlackTeam "Blue and Gold CC"]
[WhiteTeamCountry "SRI"]
[BlackTeamCountry "SRI"]

1. e4 g6 2. d4 Bg7 3. c4 c5 4. d5 d6 5. Nc3 a6 6. Be3 e5 7. Bd3 Ne7 8. f4 0-0 9. fxe5 Bxe5 10. Nf3 Bg4 11. Bh6 Re8 12. 0-0 Nd7 13. h3 Bxf3 14. Qxf3 f6 15. Bf4 Kg7 16. Bxe5 dxe5 17. h4 Nc8 18. g4 Nd6 19. Kg2 Qe7 20. Rae1 Kh8 21. a4 Rg8 22. Kh3 Raf8 23. Rg1 Qd8 24. Ref1 Kg7 25. Qe2 Kh8 26. Qf3 Rf7 27. Qg2 Qf8 28. Rf3 Qh6 29. Rgf1 b6 30. Qe2 Qf8 31. b3 Qc8 32. Nd1 h5 33. g5 Rgf8 34. Kh2 fxg5 35. hxg5 Qd8 36. Rxf7 Rxf7 37. Rxf7 Nxf7 38. Qf2 Kg7 39. Ne3 Qxg5 40. Be2 Qf4+ 41. Qxf4 exf4 42. Ng2 Nd6 43. Nxf4 Nxe4 44. Bd3 Ndf6 45. Ne6+ Kf7 46. Nc7 Nf2 47. Bc2 a5 48. Kg3 N2g4 49. Kh4 Ne5 50. Kg5 Nf3+ 51. Kf4 Nd4 52. Bd1 h4 53. d6 g5+ 54. Ke3 Nf5+ 55. Kf2 Nxd6 56. Na8 Nc8 57. Bc2 Ke6 58. Kf3 Ke5 59. Nc7 g4+ 60. Kg2 Ne4 61. Nd5 Nf6 62. Bd1 Nxd5 63. cxd5 g3 64. Kh3 Ne7 65. Bf3 Nf5 66. Kg4 Ne3+ 67. Kh3 g2 68. Kh2 h3 69. Kg1 Nxd5 70. Bg4 Nf4 71. Bd1 0-1